<?xml version="1.0" encoding="UTF-8"?>
<record
    xmlns:xsi="http://www.w3.org/2001/XMLSchema-instance"
    xsi:schemaLocation="http://www.loc.gov/MARC21/slim http://www.loc.gov/standards/marcxml/schema/MARC21slim.xsd"
    xmlns="http://www.loc.gov/MARC21/slim">

  <leader>01554cam a2200445  b4500</leader>
  <datafield tag="999" ind1=" " ind2=" ">
    <subfield code="c">23587</subfield>
    <subfield code="d">23587</subfield>
  </datafield>
  <controlfield tag="001">vtls011920670</controlfield>
  <controlfield tag="005">20240710080113.0</controlfield>
  <controlfield tag="008">210906s2020    xo     grb    010 faslo  </controlfield>
  <datafield tag="020" ind1=" " ind2=" ">
    <subfield code="a">9788055172637</subfield>
    <subfield code="q">(viazan&#xE9;)</subfield>
  </datafield>
  <datafield tag="035" ind1=" " ind2=" ">
    <subfield code="a">urn:nbn:sk:snk-am00fhgs</subfield>
  </datafield>
  <datafield tag="035" ind1=" " ind2=" ">
    <subfield code="a">urn:nbn:sk:snk-am3iuph</subfield>
  </datafield>
  <datafield tag="035" ind1=" " ind2=" ">
    <subfield code="a">D11B235D-8B07-438C-BA06-D255E34F3731</subfield>
  </datafield>
  <datafield tag="040" ind1=" " ind2=" ">
    <subfield code="a">SVKBB</subfield>
    <subfield code="b">slo</subfield>
    <subfield code="c">SVKBB</subfield>
    <subfield code="d">SNK</subfield>
    <subfield code="e">rda</subfield>
  </datafield>
  <datafield tag="041" ind1="1" ind2=" ">
    <subfield code="a">slo</subfield>
    <subfield code="h">eng</subfield>
  </datafield>
  <datafield tag="044" ind1=" " ind2=" ">
    <subfield code="a">xo</subfield>
    <subfield code="c">SK</subfield>
  </datafield>
  <datafield tag="072" ind1=" " ind2="7">
    <subfield code="a">821.111-3</subfield>
    <subfield code="x">Anglick&#xE1; pr&#xF3;za, anglicky p&#xED;san&#xE1;</subfield>
    <subfield code="2">konspekt</subfield>
  </datafield>
  <datafield tag="072" ind1=" " ind2="7">
    <subfield code="a">929</subfield>
    <subfield code="x">Biografie</subfield>
    <subfield code="2">konspekt</subfield>
  </datafield>
  <datafield tag="080" ind1=" " ind2=" ">
    <subfield code="a">821.111(415)-31</subfield>
    <subfield code="2">2011</subfield>
  </datafield>
  <datafield tag="080" ind1=" " ind2=" ">
    <subfield code="a">(0:82-312.6)</subfield>
    <subfield code="2">2011</subfield>
  </datafield>
  <datafield tag="100" ind1="1" ind2=" ">
    <subfield code="a">Byrne, Lorna,</subfield>
    <subfield code="d">1953-</subfield>
    <subfield code="4">aut</subfield>
    <subfield code="9">3936</subfield>
  </datafield>
  <datafield tag="240" ind1="1" ind2="0">
    <subfield code="a">Angels at my fingertips</subfield>
    <subfield code="l">Slovensky</subfield>
  </datafield>
  <datafield tag="245" ind1="1" ind2="0">
    <subfield code="a">Anjeli na dosah</subfield>
    <subfield code="c">Lorna Byrneov&#xE1; ; prelo&#x17E;ila Zorka Li&#x10D;kov&#xE1;</subfield>
  </datafield>
  <datafield tag="250" ind1=" " ind2=" ">
    <subfield code="a">Druh&#xE9; vydanie</subfield>
  </datafield>
  <datafield tag="264" ind1=" " ind2="1">
    <subfield code="a">Bratislava</subfield>
    <subfield code="b">Ikar</subfield>
    <subfield code="c">2020</subfield>
  </datafield>
  <datafield tag="300" ind1=" " ind2=" ">
    <subfield code="a">340 str&#xE1;n</subfield>
    <subfield code="c">21 cm</subfield>
  </datafield>
  <datafield tag="336" ind1=" " ind2=" ">
    <subfield code="a">text</subfield>
    <subfield code="b">txt</subfield>
    <subfield code="2">rdacontent</subfield>
  </datafield>
  <datafield tag="337" ind1=" " ind2=" ">
    <subfield code="a">bez m&#xE9;dia</subfield>
    <subfield code="b">n</subfield>
    <subfield code="2">rdamedia</subfield>
  </datafield>
  <datafield tag="338" ind1=" " ind2=" ">
    <subfield code="a">zv&#xE4;zok</subfield>
    <subfield code="b">nc</subfield>
    <subfield code="2">rdacarrier</subfield>
  </datafield>
  <datafield tag="500" ind1=" " ind2=" ">
    <subfield code="a">Prelo&#x17E;en&#xE9; z angli&#x10D;tiny</subfield>
  </datafield>
  <datafield tag="500" ind1=" " ind2=" ">
    <subfield code="a">Obsahuje stru&#x10D;n&#xE9; biografick&#xE9; &#xFA;daje o autorke na zadnej strane obalu publik&#xE1;cie</subfield>
  </datafield>
  <datafield tag="655" ind1=" " ind2="7">
    <subfield code="a">autobiografick&#xE9; rom&#xE1;ny</subfield>
    <subfield code="2">SNKPH</subfield>
    <subfield code="9">1743</subfield>
  </datafield>
  <datafield tag="655" ind1=" " ind2="7">
    <subfield code="a">Irish fiction (English)</subfield>
    <subfield code="2">SNKPHeng</subfield>
    <subfield code="9">2551</subfield>
  </datafield>
  <datafield tag="655" ind1=" " ind2="7">
    <subfield code="a">Autobiographical novels</subfield>
    <subfield code="2">SNKPHeng</subfield>
    <subfield code="9">1744</subfield>
  </datafield>
  <datafield tag="655" ind1=" " ind2="7">
    <subfield code="a">&#xED;rske rom&#xE1;ny (anglicky)</subfield>
    <subfield code="2">SNKPH</subfield>
    <subfield code="9">2550</subfield>
  </datafield>
  <datafield tag="700" ind1="1" ind2=" ">
    <subfield code="a">Li&#x10D;kov&#xE1;, Zora,</subfield>
    <subfield code="d">1959-</subfield>
    <subfield code="4">trl</subfield>
    <subfield code="9">3336</subfield>
  </datafield>
  <datafield tag="700" ind1="1" ind2=" ">
    <subfield code="a">Byrne, Lorna,</subfield>
    <subfield code="d">1953-</subfield>
    <subfield code="t">Anjeli v mojich vlasoch</subfield>
    <subfield code="9">3937</subfield>
  </datafield>
  <datafield tag="958" ind1=" " ind2=" ">
    <subfield code="a">LX</subfield>
  </datafield>
  <datafield tag="958" ind1=" " ind2=" ">
    <subfield code="a">UP</subfield>
  </datafield>
  <datafield tag="958" ind1=" " ind2=" ">
    <subfield code="a">BC</subfield>
  </datafield>
  <datafield tag="952" ind1=" " ind2=" ">
    <subfield code="0">0</subfield>
    <subfield code="1">0</subfield>
    <subfield code="2">udc</subfield>
    <subfield code="4">0</subfield>
    <subfield code="7">0</subfield>
    <subfield code="8">K</subfield>
    <subfield code="a">10000</subfield>
    <subfield code="b">10000</subfield>
    <subfield code="d">2024-07-10</subfield>
    <subfield code="g">3.90</subfield>
    <subfield code="i">21916</subfield>
    <subfield code="l">3</subfield>
    <subfield code="m">1</subfield>
    <subfield code="o">B10657</subfield>
    <subfield code="p">B10657</subfield>
    <subfield code="r">2026-04-21</subfield>
    <subfield code="s">2026-02-18</subfield>
    <subfield code="w">2024-07-10</subfield>
    <subfield code="y">KLDO</subfield>
  </datafield>
</record>
